Southville International School and Colleges
Your cart is empty.
  • Cart
  • Lists
    Public lists list_1 View all
    Your lists Log in to create your own lists
  • Log in to your account
  • Your cookies
  • Search history
Southville International School and Colleges
  • Advanced search
  • Recent comments
  • Most popular
  • Libraries

Log in to your account

Log in with GOOGLE


If you do not have an external account, but do have a local account, you can still log in:

  1. Home
  2. MARC view: 1001 ways to make more money as a speaker, consultant, or trainer :
Normal view MARC view ISBD view

1001 ways to make more money as a speaker, consultant, or trainer : (Record no. 356959)

[ view plain ]
MARC details
000 -LEADER
fixed length control field 00822nam a2200289Ia 4500
008 - FIXED-LENGTH DATA ELEMENTS--GENERAL INFORMATION
fixed length control field 180523s9999 xx 000 0 und d
020 ## - INTERNATIONAL STANDARD BOOK NUMBER
International Standard Book Number 0-07-142802-x
050 ## - LIBRARY OF CONGRESS CALL NUMBER
Classification number MAIN HD 69
050 ## - LIBRARY OF CONGRESS CALL NUMBER
Item number .C6W35 2004
100 ## - MAIN ENTRY--PERSONAL NAME
Personal name Walters, Lilly.
245 #0 - TITLE STATEMENT
Title 1001 ways to make more money as a speaker, consultant, or trainer :
245 #0 - TITLE STATEMENT
Remainder of title plus 300 rainmaking strategies for dry times /
245 #0 - TITLE STATEMENT
Statement of responsibility, etc Lilly Walters.
260 ## - PUBLICATION, DISTRIBUTION, ETC. (IMPRINT)
Place of publication, distribution, etc New York :
260 ## - PUBLICATION, DISTRIBUTION, ETC. (IMPRINT)
Name of publisher, distributor, etc McGraw-Hill,
260 ## - PUBLICATION, DISTRIBUTION, ETC. (IMPRINT)
Date of publication, distribution, etc 2003
300 ## - PHYSICAL DESCRIPTION
Extent 205 pages :
300 ## - PHYSICAL DESCRIPTION
Other physical details illustrations ;
300 ## - PHYSICAL DESCRIPTION
Dimensions 23 cm.
500 ## - GENERAL NOTE
General note Includes index.
650 ## - SUBJECT ADDED ENTRY--TOPICAL TERM
Topical term or geographic name as entry element Business consultants -- Fees.
650 ## - SUBJECT ADDED ENTRY--TOPICAL TERM
Topical term or geographic name as entry element Employee training personnel -- Fees.
650 ## - SUBJECT ADDED ENTRY--TOPICAL TERM
Topical term or geographic name as entry element Marketing.
650 ## - SUBJECT ADDED ENTRY--TOPICAL TERM
General subdivision Advertising.
650 ## - SUBJECT ADDED ENTRY--TOPICAL TERM
General subdivision Income.
650 ## - SUBJECT ADDED ENTRY--TOPICAL TERM
General subdivision Motivational speakers -- Fee.
Holdings
Withdrawn status Lost status Damaged status Home library Current library Shelving location Date acquired Cost, normal purchase price Total Checkouts Full call number Barcode Date last seen Price effective from Koha item type
      South Mansfield College South Mansfield College   03/07/2005 1.00   MAIN HD 69 .C6W35 2004 SMC01866 05/23/2018 05/23/2018  

1001 ways to make more money as a speaker, consultant, or trainer :

APA

Walters L., .1001 ways to make more money as a speaker, consultant, or trainer. New York: .

Chicago

Walters Lilly, .1001 ways to make more money as a speaker, consultant, or trainer. New York: .

Harvard

Walters L., .1001 ways to make more money as a speaker, consultant, or trainer. New York: .

MLA

Walters Lilly, .New York: . .

  • Place hold
  • Print
  • Cite
  • Add to your cart (remove)
  • Save record
    BIBTEX Dublin Core MARCXML MARC (non-Unicode/MARC-8) MARC (Unicode/UTF-8) MARC (Unicode/UTF-8, Standard) MODS (XML) RIS
  • More searches
    Search for this title in:
    Other Libraries (WorldCat) Other Databases (Google Scholar) Online Stores (Bookfinder.com) Open Library (openlibrary.org)

Exporting to Dublin Core...

SOUTHVILLE LIBRARY

Southville International School and Colleges Library

1281 Tropical Ave. Cor. Luxembourg St., BF Homes International, Las Pinas City

Tel. No. 8256374 / 252358 Loc. 117/146

Powered by Koha